| 000 | 00560nam a2200193Ia 4500 | ||
|---|---|---|---|
| 003 | OSt | ||
| 005 | 20200116100015.0 | ||
| 008 | 190216s9999||||xx |||||||||||||| ||und|| | ||
| 020 | _a9780070620230 | ||
| 040 | _coclc | ||
| 082 |
_a658.1511 _bKHA/M |
||
| 100 |
_aKhan, M Y _91004 |
||
| 245 | 0 |
_aManagement Accounting / _cM Y Khan ; P K Jain |
|
| 250 | _a4th ed. | ||
| 260 |
_bTata Mcgraw Hill Publishing Company Ltd, _c2007. _aNew Delhi: |
||
| 300 | _a985p | ||
| 650 | _aManagement | ||
| 942 |
_cBK _2ddc _h658.1511 _iKHA/M _k658.1511 _mKHA/M |
||
| 999 |
_c7177 _d7177 |
||